Memoria leída en la junta general ordinaria celebrada por el Sindicato de Comerciantes é Industriales de Zaragoza el día 12 de enero de 1885. (Record no. 177580)

MARC details
000 -LEADER
campo de control de longitud fija 00583nam a2200145 i 4500
001 - NÚMERO DE CONTROL
campo de control 177580
003 - IDENTIFICADOR DE NÚMERO DE CONTROL
campo de control ES-MaACL
005 - FECHA Y HORA DE LA ÚLTIMA TRANSACCIÓN
campo de control 20230906220352.0
008 - DATOS DE LONGITUD FIJA--INFORMACIÓN GENERAL
campo de control de longitud fija 110404s1885 sp |||| | spa d
110 2# - ENTRADA PRINCIPAL--NOMBRE DE ENTIDAD CORPORATIVA
Nombre de entidad corporativa o nombre de jurisdicción como elemento de entrada Sindicato de Comerciantes e Industriales de Zaragoza.
9 (RLIN) 145961
245 10 - MENCIÓN DEL TÍTULO
Título Memoria leída en la junta general ordinaria celebrada por el Sindicato de Comerciantes é Industriales de Zaragoza el día 12 de enero de 1885.
260 ## - PUBLICACIÓN, DISTRIBUCIÓN, ETC.
Lugar de publicación, distribución, etc. Zaragoza :
Nombre del editor, distribuidor, etc. [s.n.],
Fecha de publicación, distribución, etc. 1885 (
Fabricante Imp. y lit. de Félix Villagrasa)
300 ## - DESCRIPCIÓN FÍSICA
Extensión 10 p., [1] h. pleg. ;
Dimensiones 20 cm.
852 ## - LOCALIZACIÓN
Ubicación ES-MaACL
Número de control de estantería T-367-F-19
Holdings
Estatus retirado Estado de pérdida Estado de daño No para préstamo Colección Biblioteca de origen Biblioteca actual Ubicación en estantería Fecha de adquisición Fuente de adquisición Total de préstamos Signatura topográfica completa Código de barras Visto por última vez Precio de reemplazo Tipo de ítem Koha
        Colección de folletos Biblioteca del Ateneo de Madrid Biblioteca del Ateneo de Madrid Depósito folletos 04/04/2011     T-367-F-19 1186525 23/02/2023 23/02/2023 Folleto